| 000 | 00574nam a22001577a 4500 | ||
|---|---|---|---|
| 003 | OSt | ||
| 005 | 20151004093911.0 | ||
| 008 | 151004b xxu||||| |||| 00| 0 eng d | ||
| 040 | _cRUA | ||
| 082 | _aAVM ជា 1989 B065 Or.1 | ||
| 100 |
_91971 _aជា សុជាតិ |
||
| 245 | _aប៉ារ៉ាស៊ីតជ្រូក និង វិធានការណ៍ការពារប្រឆាំង និង ជម្ងឺទ្រីកូសេហ្វាលូស | ||
| 260 |
_aPhnom Penh _bRUA _c1989 |
||
| 300 |
_a71p. _bill. _c29cm. |
||
| 942 |
_2ddc _cAVM |
||
| 999 |
_c1862 _d1862 |
||